000 00701nam a22002297a 4500
003 OSt
005 20250701030736.0
008 250701b |||||||| |||| 00| 0 eng d
020 _a978-971-23-5048-1.
040 _aDWCL - Main lib
_cOC
082 _aFil. 305.231 Ac173c 2008
100 _aVictorina Acero
245 _a Child and adolescent development/
_cVictorina Acero
260 _aManila :
_b Rex Book Store,
_cc2008.
300 _axiv, 139 p. ;
_c22 cm.
504 _aIncludes bibliographical references and index.
650 _a1. Adolescence.
650 _a2. Child development.
700 _aEvelyn S. Javier
700 _aHerminia O. Castro
942 _2ddc
_cBK - FIL
_kFil.
_n0
999 _c3330
_d3330